Presidents of Romania by Picture - Statistics

General Stats
  • This quiz has been taken 65 times
    18 since last reset
  • The average score is 5 of 6
Answer Stats
Picture Hint Answer % Correct
2014-2025 Klaus Iohannis
94%
1974-1989 Nicolae Ceaușescu
94%
2025-Present Nicușor Dan
81%
1989-1996 | 2000-2004 Ion Iliescu
75%
2004-2014 Traian Băsescu
75%
1996-2000 Emil Constantinescu
50%
No matching quizzes found
Score Distribution
Percent of People with Each Score
Percentile by Number Answered
Your Score History
You have not taken this quiz since the last reset